[Event "25th Capablanca Memorial"]
[Site "Havana CUB"]
[Date "1990.??.??"]
[Round "6"]
[White "Ruban, Vadim"]
[Black "Borges Matos, Juan"]
[Result "1-0"]
[WhiteElo "2565"]
[BlackElo "2500"]
[EventDate "1990.??.??"]
[PlyCount "81"]

1.d4 c5 2.d5 e5 3.c4 d6 4.e4 Be7 5.Nf3 Nf6 6.Nc3 O-O 7.Be2 Nbd7 8.a3 Ne8 
9.b4 g6 10.Bh6 Ng7 11.Qd2 b6 12.O-O Nf6 13.Ne1 Ba6 14.Nc2 Kh8 15.a4 Qc7 
16.a5 Ng8 17.Bxg7+ Kxg7 18.Ra4 Rfb8 19.Rfa1 Bb7 20.Nb5 Qd8 21.axb6 axb6 
22.Na7 Nf6 23.Qd3 cxb4 24.Nxb4 Nd7 25.Nbc6 Qe8 26.R4a3 Nc5 27.Qd1 Bxc6 28.
dxc6 Qd8 29.Qd5 Ne6 30.Bg4 Nc7 31.Qd3 d5 32.exd5 Bxa3 33.Qxa3 b5 34.Qc5 
bxc4 35.d6 Nb5 36.c7 Rxa7 37.Qxa7 Nxa7 38.cxd8=Q Rxd8 39.Rxa7 Rxd6 40.Rc7 
Rd2 41.g3 1-0

[Event "25th Capablanca Memorial"]
[Site "Havana CUB"]
[Date "1990.??.??"]
[Round "6"]
[White "Gruenberg, Hans-Ulrich"]
[Black "Paneque, Pedro"]
[Result "1-0"]
[WhiteElo "2475"]
[BlackElo "2380"]
[EventDate "1990.??.??"]
[PlyCount "61"]

1.d4 Nf6 2.c4 g6 3.Nc3 Bg7 4.e4 d6 5.Be2 O-O 6.Nf3 e5 7.O-O Nc6 8.d5 Ne7 
9.Nd2 Nd7 10.b4 f5 11.c5 Nf6 12.f3 f4 13.Nc4 g5 14.a4 h5 15.Ba3 Ng6 16.b5 
Ne8 17.a5 b6 18.cxd6 cxd6 19.Bb4 Rb8 20.axb6 axb6 21.Ra7 Rf6 22.Na4 Nh4 
23.Naxb6 g4 24.Nxc8 Qxc8 25.Na5 gxf3 26.Bxf3 Rxb5 27.Nc6 Bf8 28.Kh1 Rg6 
29.Bxh5 Rg5 30.Bf7+ Kh8 31.Be6 1-0

[Event "25th Capablanca Memorial"]
[Site "Havana CUB"]
[Date "1990.??.??"]
[Round "6"]
[White "Vera Gonzalez, Reynaldo"]
[Black "Rodriguez Cespedes, Amador"]
[Result "1/2-1/2"]
[WhiteElo "2475"]
[BlackElo "2495"]
[EventDate "1990.??.??"]
[PlyCount "39"]

1.Nf3 c5 2.c4 Nf6 3.Nc3 e6 4.g3 b6 5.Bg2 Bb7 6.O-O Be7 7.b3 O-O 8.Bb2 Nc6 
9.e3 Rc8 10.d4 cxd4 11.Nxd4 Qc7 12.Rc1 Nxd4 13.Qxd4 Bxg2 14.Kxg2 Qb7+ 15.
e4 a6 16.f3 d6 17.a4 Rfd8 18.Rfd1 Bf8 19.Qe3 Nd7 20.Ne2 1/2-1/2

[Event "25th Capablanca Memorial"]
[Site "Havana CUB"]
[Date "1990.??.??"]
[Round "6"]
[White "Franco Ocampos, Zenon"]
[Black "Gomez Abad, Antonio"]
[Result "1-0"]
[WhiteElo "2475"]
[BlackElo "2390"]
[EventDate "1990.??.??"]
[PlyCount "80"]

1.Nf3 c5 2.c4 Nc6 3.Nc3 g6 4.e3 d6 5.d4 Bg4 6.Be2 Bg7 7.d5 Bxc3+ 8.bxc3 
Bxf3 9.Bxf3 Ne5 10.Be2 Nf6 11.f4 Ned7 12.Bd3 Qc7 13.e4 O-O-O 14.O-O Rhe8 
15.Qf3 e6 16.Bd2 exd5 17.cxd5 c4 18.Bc2 Nc5 19.Rae1 Kb8 20.Re2 Qa5 21.Be1 
Nfd7 22.Qh3 h5 23.Bh4 Rc8 24.e5 dxe5 25.fxe5 Nxe5 26.Bg3 Qc7 27.Rfe1 Ncd7 
28.Ba4 b5 29.Rb1 a6 30.Bxb5 axb5 31.Rxb5+ Ka8 32.d6 Qa7+ 33.Bf2 Qa6 34.Qe3
f5 35.Reb2 Nc6 36.Qf3 Re4 37.Qd1 Re5 38.Rb6 Nxb6 39.Rxb6 Qxa2 40.d7 Rd8 
1-0

[Event "25th Capablanca Memorial"]
[Site "Havana CUB"]
[Date "1990.??.??"]
[Round "7"]
[White "Gomez Abad, Antonio"]
[Black "Antunes, Antonio"]
[Result "1-0"]
[WhiteElo "2390"]
[BlackElo "2445"]
[EventDate "1990.??.??"]
[PlyCount "101"]

1.d4 d5 2.Nf3 Nf6 3.c4 e6 4.Nc3 c5 5.cxd5 cxd4 6.Qa4+ Bd7 7.Qxd4 exd5 8.
Bg5 Be7 9.e3 Nc6 10.Qd2 Be6 11.Bd3 O-O 12.O-O Qb6 13.Na4 Qb4 14.Qxb4 Nxb4 
15.Rfd1 Rfc8 16.Nc3 h6 17.Bf4 a6 18.a3 Nxd3 19.Rxd3 Kf8 20.Be5 b5 21.Rad1 
Ra7 22.Bxf6 Bxf6 23.Nd4 Rb7 24.Nce2 Rbc7 25.h3 Ke7 26.f4 g6 27.g4 Rd8 28.
Kf2 h5 29.gxh5 gxh5 30.f5 Bc8 31.Nf4 Bxd4 32.Rxd4 Rc2+ 33.Kg3 Bxf5 34.
Nxd5+ Kf8 35.Rf1 Bc8 36.b4 Ra2 37.Rd3 Rd6 38.Rf6 Be6 39.e4 Kg7 40.Rdf3 h4+
41.Kxh4 Rc6 42.Rg3+ Kf8 43.Nf4 Ke7 44.e5 Rc4 45.Rg7 Rxa3 46.Kh5 Re4 47.
Rxe6+ Kf8 48.Rg4 a5 49.bxa5 Rxa5 50.Kh6 Re3 51.Ng6+ 1-0

[Event "25th Capablanca Memorial"]
[Site "Havana CUB"]
[Date "1990.??.??"]
[Round "7"]
[White "Rodriguez Cespedes, Amador"]
[Black "Franco Ocampos, Zenon"]
[Result "1/2-1/2"]
[WhiteElo "2495"]
[BlackElo "2475"]
[EventDate "1990.??.??"]
[PlyCount "199"]

1.e4 c5 2.Nf3 Nc6 3.d4 cxd4 4.Nxd4 Nf6 5.Nc3 d6 6.Bg5 Bd7 7.Qd2 Rc8 8.Be2 
Nxd4 9.Qxd4 Qa5 10.Bd2 a6 11.O-O Qc5 12.Qd3 g6 13.Be3 Qa5 14.Bd4 Bg7 15.
Qe3 O-O 16.a3 Rc6 17.e5 dxe5 18.Qxe5 Qxe5 19.Bxe5 Bf5 20.Bd3 Bxd3 21.cxd3 
Rd8 22.Rfd1 Nd7 23.Bxg7 Kxg7 24.d4 Nb6 25.Rd3 Nc4 26.d5 Nxb2 27.dxc6 Nxd3 
28.cxb7 Rb8 29.Nd5 Kf8 30.g3 Rxb7 31.Rd1 Nc5 32.Rc1 Ne4 33.Rc8+ Kg7 34.Ra8
Rb1+ 35.Kg2 Rb2 36.Kf3 e6 37.Nf4 Nxf2 38.Rxa6 Nd1 39.h4 e5 40.Nd3 Rb3 41.
Ke2 Nc3+ 42.Kf1 Nb5 43.Nxe5 Rxa3 44.Rb6 Nc7 45.Kf2 h5 46.Rd6 Ra5 47.Rd7 
Ne6 48.Nc6 Ra2+ 49.Kf3 Ra3+ 50.Kg2 Nc5 51.Re7 Ra2+ 52.Kf3 Ra3+ 53.Kg2 Ra2+
54.Kg1 Kf6 55.Re1 Ne6 56.Rf1+ Kg7 57.Ne5 f6 58.Nf3 Nc5 59.Re1 Kf7 60.Re3 
Rb2 61.Re1 Nd3 62.Re3 Nf2 63.Nd4 Ng4 64.Ra3 Ke7 65.Kf1 Kd6 66.Ne2 Ke5 67.
Ra4 Ne3+ 68.Kf2 Nd5 69.Rc4 Ne7 70.Ra4 Nc6 71.Kf3 Rb3+ 72.Kf2 Rb2 73.Kf3 
Rb3+ 74.Kf2 Rb4 75.Rxb4 Nxb4 76.Nf4 Kf5 77.Kf3 Nc6 78.Nd5 Ne5+ 79.Kf2 Nc6 
80.Kf3 Ne5+ 81.Kf2 Nd3+ 82.Ke2 Nc5 83.Kf2 Ke6 84.Nf4+ Kf5 85.Kf3 Ne6 86.
Nd5 Ng7 87.Nf4 g5 88.hxg5 fxg5 89.Nd3 Kf6 90.Ke4 Nf5 91.Kf3 Nd6 92.Nf2 Ke5
93.g4 h4 94.Nh3 Ne4 95.Ke3 Kd5 96.Ng1 Nc5 97.Nf3 Ne6 98.Nh2 h3 99.Nf3 Nd4 
100.Kf2 1/2-1/2

[Event "25th Capablanca Memorial"]
[Site "Havana CUB"]
[Date "1990.??.??"]
[Round "7"]
[White "Paneque, Pedro"]
[Black "Vera Gonzalez, Reynaldo"]
[Result "1/2-1/2"]
[WhiteElo "2380"]
[BlackElo "2475"]
[EventDate "1990.??.??"]
[PlyCount "66"]

1.c4 e6 2.Nf3 d5 3.b3 c5 4.g3 Nc6 5.Bg2 Nf6 6.O-O Be7 7.e3 O-O 8.Qe2 a5 9.
d3 a4 10.bxa4 Rxa4 11.Nc3 Ra6 12.Rb1 b6 13.Rd1 Bb7 14.e4 Nd4 15.Qb2 dxc4 
16.dxc4 Nxe4 17.Nxd4 Nxc3 18.Qxc3 Bxg2 19.Bg5 Bxg5 20.Nxe6 Qf6 21.Qxf6 
Bxf6 22.Nxf8 Bf3 23.Nd7 Bxd1 24.Nxf6+ gxf6 25.Rxd1 Rxa2 26.Rd6 Kg7 27.Rxb6
Rc2 28.Rc6 Rxc4 29.Kg2 Rc3 30.h4 h5 31.Rd6 c4 32.Rd5 Kg6 33.Rc5 f5 1/2-1/2

[Event "25th Capablanca Memorial"]
[Site "Havana CUB"]
[Date "1990.??.??"]
[Round "7"]
[White "Borges Matos, Juan"]
[Black "Gruenberg, Hans-Ulrich"]
[Result "0-1"]
[WhiteElo "2500"]
[BlackElo "2475"]
[EventDate "1990.??.??"]
[PlyCount "86"]

1.d4 Nf6 2.c4 g6 3.Nc3 Bg7 4.Nf3 O-O 5.h3 d5 6.cxd5 Nxd5 7.e4 Nxc3 8.bxc3 
c5 9.Bc4 Qc7 10.Bb3 Nc6 11.O-O b6 12.Bg5 Na5 13.Bc2 Bb7 14.Qe2 e6 15.Rac1 
Rac8 16.Bd3 Qd6 17.Ba6 Bxa6 18.Qxa6 Rc7 19.Rfd1 cxd4 20.cxd4 h6 21.Rxc7 
Qxc7 22.Rc1 Qd6 23.Bh4 Bxd4 24.Bg3 Qxg3 25.Nxd4 Qa3 26.Rc7 Qxa2 27.Nf3 
Qb1+ 28.Qf1 Qxe4 29.Rxa7 Nc6 30.Rc7 Nd4 31.Nxd4 Qxd4 32.Qc1 Kg7 33.Rc4 Qe5
34.Rb4 b5 35.Qb1 Rb8 36.Rb3 h5 37.Re3 Qd4 38.Qb3 b4 39.Qb1 Ra8 40.Qb3 Rb8 
41.Qb1 Rb6 42.Rd3 Qe4 43.Qa1+ e5 0-1

[Event "25th Capablanca Memorial"]
[Site "Havana CUB"]
[Date "1990.??.??"]
[Round "7"]
[White "Granda Zuniga, Julio"]
[Black "Ruban, Vadim"]
[Result "1/2-1/2"]
[WhiteElo "2510"]
[BlackElo "2565"]
[EventDate "1990.??.??"]
[PlyCount "108"]

1.Nf3 d5 2.c4 e6 3.d4 Nf6 4.Nc3 Nbd7 5.e3 Be7 6.Bd3 O-O 7.O-O c5 8.Qe2 
cxd4 9.exd4 dxc4 10.Bxc4 Nb6 11.Bb3 Bd7 12.Ne5 Bc6 13.Nxc6 bxc6 14.Rd1 Qc7
15.Bg5 Nfd5 16.Bxe7 Nxc3 17.bxc3 Qxe7 18.c4 Qf6 19.a4 Rad8 20.a5 Nc8 21.
Qe5 Nd6 22.Qxf6 gxf6 23.d5 c5 24.Ba4 e5 25.Rab1 Rb8 26.a6 Rfd8 27.Bc6 Rxb1
28.Rxb1 Kf8 29.Kf1 Rc8 30.g3 Nxc4 31.Rb5 Nd6 32.Rxc5 Ke7 33.Rc3 Rb8 34.Ba4
Rc8 35.Rb3 Rc1+ 36.Kg2 Ra1 37.Rb4 f5 38.Kh3 e4 39.g4 f4 40.Bc2 Rxa6 41.
Bxe4 Ra3+ 42.Kg2 a5 43.Rd4 h6 44.Bc2 Rc3 45.Bd1 Rc4 46.Rxc4 Nxc4 47.Kf3 
Nb2 48.Bc2 a4 49.Kxf4 a3 50.Bb3 Kd6 51.g5 h5 52.Kf5 Nd3 53.Kf6 Nc5 54.Ba2 
Ne4+ 1/2-1/2

[Event "25th Capablanca Memorial"]
[Site "Havana CUB"]
[Date "1990.??.??"]
[Round "7"]
[White "Arencibia Rodriguez, Walter"]
[Black "Remon Gay, Adelquis"]
[Result "0-1"]
[WhiteElo "2425"]
[BlackElo "2375"]
[EventDate "1990.??.??"]
[PlyCount "102"]

1.d4 Nf6 2.c4 c5 3.d5 b5 4.cxb5 a6 5.f3 axb5 6.e4 Qa5+ 7.Bd2 Qb6 8.Qb3 Ba6
9.Na3 b4 10.Nc4 Bxc4 11.Bxc4 d6 12.a4 g6 13.Qc2 Bg7 14.Rc1 O-O 15.Ne2 Nbd7
16.b3 Ne5 17.Bg5 Nxc4 18.Qxc4 Nd7 19.f4 Qa6 20.Qc2 e6 21.dxe6 fxe6 22.O-O 
d5 23.Qd1 Qb7 24.exd5 exd5 25.Rf3 Rae8 26.Rd3 d4 27.Rf3 Qd5 28.Bh4 h6 29.
Bf2 Nf6 30.Qd3 Qe4 31.Qc4+ Qe6 32.Qxe6+ Rxe6 33.Ng3 Rd6 34.Rd3 Nd5 35.Rxc5
Nxf4 36.Rd1 d3 37.Ne4 Re6 38.Rc4 Ne2+ 39.Kf1 Rxe4 40.Rxe4 Nc3 41.Ree1 Nxd1
42.Rxd1 Bd4 43.Rd2 Be3 44.Rxd3 Bxf2 45.Rf3 Rxf3 46.gxf3 Bc5 47.Ke2 Kf7 48.
Kd3 Ke6 49.Kc4 Kd6 50.Kb5 Kd5 51.f4 Bd6 0-1

[Event "25th Capablanca Memorial"]
[Site "Havana CUB"]
[Date "1990.??.??"]
[Round "8"]
[White "Antunes, Antonio"]
[Black "Sariego Figueredo, Wilfredo"]
[Result "1-0"]
[WhiteElo "2445"]
[BlackElo "2405"]
[EventDate "1990.??.??"]
[PlyCount "81"]

1.e4 d5 2.exd5 Nf6 3.d4 Nxd5 4.Nf3 g6 5.c4 Nb6 6.Nc3 Bg7 7.Be2 O-O 8.O-O 
Nc6 9.d5 Ne5 10.Nxe5 Bxe5 11.Bh6 Re8 12.Qd2 e6 13.Rfd1 exd5 14.cxd5 a6 15.
Rac1 Bf5 16.b3 Qh4 17.h3 f6 18.Be3 g5 19.Bf3 Rad8 20.Ne2 g4 21.hxg4 Bxg4 
22.Bxg4 Qxg4 23.Bxb6 cxb6 24.Rc4 Qh5 25.g3 Qf3 26.Qd3 Qxd3 27.Rxd3 b5 28.
Re4 Kf7 29.Kg2 f5 30.Ree3 b4 31.Kf3 a5 32.Nf4 Bxf4 33.Kxf4 Rxe3 34.fxe3 
Kg6 35.d6 Kf6 36.d7 h6 37.Rd1 b6 38.Rd2 b5 39.Rd1 a4 40.Rd2 a3 41.Rd1 1-0

[Event "25th Capablanca Memorial"]
[Site "Havana CUB"]
[Date "1990.??.??"]
[Round "8"]
[White "Remon Gay, Adelquis"]
[Black "Herrera, Irisberto"]
[Result "1-0"]
[WhiteElo "2375"]
[BlackElo "2410"]
[EventDate "1990.??.??"]
[PlyCount "115"]

1.d4 Nf6 2.Nf3 e6 3.Bg5 c5 4.e3 Be7 5.Nbd2 b6 6.c3 Bb7 7.Bd3 Nc6 8.O-O 
cxd4 9.exd4 Nd5 10.Bxe7 Ncxe7 11.Re1 O-O 12.a4 f5 13.a5 Rb8 14.Bf1 Rf6 15.
axb6 axb6 16.Nc4 Qc7 17.Nce5 d6 18.Nd3 Qc6 19.c4 Nc7 20.Nf4 Qd7 21.Ra7 
Bxf3 22.Qxf3 Nc6 23.Ra3 Nxd4 24.Qd1 e5 25.Ne2 Nxe2+ 26.Rxe2 Qc6 27.Rd2 h6 
28.Rad3 Rd8 29.b4 Kh7 30.h4 g6 31.Ra3 Rf7 32.Ra7 Kg7 33.h5 g5 34.Qc1 Ra8 
35.b5 Qc5 36.Rxa8 Nxa8 37.Ra2 Nc7 38.Ra7 Rd7 39.Rb7 Kf6 40.g3 Re7 41.Bh3 
e4 42.Qc3+ Re5 43.Qe3 Ne6 44.Qxc5 bxc5 45.Rh7 e3 46.Rxh6+ Kg7 47.Rg6+ Kf7 
48.fxe3 Rxe3 49.Bxf5 Nd4 50.g4 d5 51.b6 dxc4 52.b7 Rb3 53.h6 Nxf5 54.h7 
Rb1+ 55.Kf2 Rb2+ 56.Ke1 Rxb7 57.h8=Q Re7+ 58.Kf2 1-0

[Event "25th Capablanca Memorial"]
[Site "Havana CUB"]
[Date "1990.??.??"]
[Round "8"]
[White "Gruenberg, Hans-Ulrich"]
[Black "Granda Zuniga, Julio"]
[Result "1-0"]
[WhiteElo "2475"]
[BlackElo "2510"]
[EventDate "1990.??.??"]
[PlyCount "95"]

1.d4 Nf6 2.c4 e6 3.Nf3 b6 4.g3 Ba6 5.b3 Bb4+ 6.Bd2 Be7 7.Bg2 d5 8.cxd5 
exd5 9.Nc3 O-O 10.O-O Re8 11.Qc2 c5 12.Rfd1 Nc6 13.Be3 Ng4 14.Qf5 Nxe3 15.
fxe3 cxd4 16.exd4 Qc8 17.Qxc8 Raxc8 18.Nxd5 Bxe2 19.Nxe7+ Nxe7 20.Rd2 Bxf3
21.Bxf3 Rc3 22.Rf1 Rd8 23.Bb7 Rd7 24.Ba6 Nc6 25.Rfd1 Ne7 26.Bb5 Rd6 27.Bc4
Nd5 28.Bxd5 Rxd5 29.Kf2 Kf8 30.Re1 Rc8 31.g4 h5 32.h3 Rc6 33.Re3 b5 34.Kf3
b4 35.Ke4 Rcd6 36.Rf3 g6 37.Rf4 Kg7 38.Kd3 hxg4 39.hxg4 Rc5 40.Rdf2 Rc3+ 
41.Ke4 Re6+ 42.Kd5 Rc7 43.Rh2 Rc8 44.Rh7+ Kxh7 45.Rxf7+ Kh6 46.Kxe6 Rc6+ 
47.Ke5 Ra6 48.Rf2 1-0

[Event "25th Capablanca Memorial"]
[Site "Havana CUB"]
[Date "1990.??.??"]
[Round "8"]
[White "Vera Gonzalez, Reynaldo"]
[Black "Borges Matos, Juan"]
[Result "1/2-1/2"]
[WhiteElo "2475"]
[BlackElo "2500"]
[EventDate "1990.??.??"]
[PlyCount "105"]

1.d4 d5 2.c4 e6 3.Nc3 Be7 4.cxd5 exd5 5.Bf4 c6 6.e3 Bf5 7.g4 Be6 8.h3 Nf6 
9.Bd3 c5 10.Nge2 Nc6 11.Kf1 O-O 12.Rc1 Rc8 13.f3 Re8 14.Kg2 a6 15.Bb1 b5 
16.Ng3 Bd6 17.Nce2 cxd4 18.exd4 Bxf4 19.Nxf4 Qb6 20.Nge2 Rc7 21.Qd2 Rec8 
22.Rc5 Ne7 23.Rxc7 Rxc7 24.Re1 Nd7 25.Nd3 Nc6 26.Rc1 Rc8 27.Ne5 Nf8 28.f4 
Ne7 29.f5 Bd7 30.Nf4 Qh6 31.Qe3 Re8 32.Nxd7 Nxd7 33.Nxd5 Qd6 34.Nf4 Nf6 
35.Qf2 Ned5 36.Nxd5 Qxd5+ 37.Kg1 h5 38.g5 Ne4 39.Bxe4 Qxe4 40.Rc5 Qb1+ 41.
Kh2 Qd3 42.Re5 Rxe5 43.dxe5 Qe4 44.h4 Qxe5+ 45.Kg1 Qe4 46.a3 a5 47.Kh2 b4 
48.axb4 axb4 49.Kg3 Qg4+ 50.Kh2 b3 51.Qg3 Qe2+ 52.Kh3 Qf1+ 53.Kh2 1/2-1/2

[Event "25th Capablanca Memorial"]
[Site "Havana CUB"]
[Date "1990.??.??"]
[Round "8"]
[White "Franco Ocampos, Zenon"]
[Black "Paneque, Pedro"]
[Result "1-0"]
[WhiteElo "2475"]
[BlackElo "2380"]
[EventDate "1990.??.??"]
[PlyCount "99"]

1.d4 Nf6 2.c4 g6 3.Nc3 Bg7 4.e4 d6 5.Be2 O-O 6.Nf3 e5 7.d5 a5 8.O-O Na6 9.
Bg5 h6 10.Bh4 Qe8 11.Ne1 Nh7 12.Nd3 h5 13.f3 Bh6 14.Bf2 Bd7 15.b3 Qe7 16.
a3 b6 17.b4 Qg5 18.Kh1 f5 19.c5 bxc5 20.bxc5 h4 21.Qe1 h3 22.gxh3 f4 23.
cxd6 cxd6 24.Bh4 Qh5 25.Be7 Rfe8 26.Bxd6 Bg7 27.Nf2 Ng5 28.Rb1 Ra7 29.Rg1 
Nc7 30.h4 Qxh4 31.Ng4 Qxe1 32.Rgxe1 Bxg4 33.fxg4 Bf8 34.Nb5 Nxb5 35.Bxb5 
Rc8 36.Bxf8 Kxf8 37.d6 Rd8 38.Rbd1 Rh7 39.Rd5 Nf3 40.Re2 Rc8 41.Rb2 Kg7 
42.Ba4 Rb8 43.Rf2 Rbh8 44.Kg2 Nd4 45.Kf1 Kf6 46.d7 Rd8 47.g5+ Ke6 48.Rb2 
Rh3 49.Rb6+ Kf7 50.Rxe5 1-0

[Event "25th Capablanca Memorial"]
[Site "Havana CUB"]
[Date "1990.??.??"]
[Round "8"]
[White "Gomez Abad, Antonio"]
[Black "Rodriguez Cespedes, Amador"]
[Result "1/2-1/2"]
[WhiteElo "2390"]
[BlackElo "2495"]
[EventDate "1990.??.??"]
[PlyCount "97"]

1.d4 Nf6 2.c4 e6 3.Nc3 Bb4 4.Bd2 b6 5.a3 Bxc3 6.Bxc3 Bb7 7.e3 O-O 8.Nf3 d6
9.Bd3 Ne4 10.Bxe4 Bxe4 11.O-O Nd7 12.Nd2 Bb7 13.e4 e5 14.d5 Qe7 15.f4 exf4
16.Rxf4 Ne5 17.Qh5 f6 18.Bxe5 dxe5 19.Rf2 c6 20.Re1 Rac8 21.Nf1 cxd5 22.
cxd5 Rc4 23.Qf3 Qc5 24.g4 Rc2 25.Qe3 Rxf2 26.Qxf2 Rc8 27.Qxc5 Rxc5 28.Ne3 
Bc8 29.Kf2 Kf7 30.Kf3 Bd7 31.Re2 Ba4 32.Rd2 Rc1 33.Rd3 Bd7 34.Rc3 Rxc3 35.
bxc3 g6 36.h4 h5 37.gxh5 gxh5 38.Ke2 Ke7 39.Kd3 Kd6 40.c4 Kc5 41.Kc3 Bh3 
42.Kd3 a6 43.Kc3 b5 44.cxb5 axb5 45.Kd3 Bc8 46.Kc3 Bh3 47.Kd3 Bc8 48.Kc3 
Bd7 49.Kd3 1/2-1/2

[Event "25th Capablanca Memorial"]
[Site "Havana CUB"]
[Date "1990.??.??"]
[Round "9"]
[White "Rodriguez Cespedes, Amador"]
[Black "Antunes, Antonio"]
[Result "1-0"]
[WhiteElo "2495"]
[BlackElo "2445"]
[EventDate "1990.??.??"]
[PlyCount "121"]

1.e4 e5 2.Nf3 Nc6 3.Bb5 f5 4.Nc3 fxe4 5.Nxe4 Nf6 6.Nxf6+ Qxf6 7.Qe2 Be7 8.
Bxc6 bxc6 9.Nxe5 O-O 10.O-O Kh8 11.d3 Qe6 12.Qe3 Bb7 13.Bd2 c5 14.f4 Rae8 
15.Qg3 d6 16.Ng4 Qg6 17.Bc3 h5 18.Nf2 Qxg3 19.hxg3 Bf6 20.Rae1 Bxc3 21.
bxc3 Bc6 22.Nd1 Kh7 23.Kf2 Kg6 24.Ne3 Rb8 25.Rb1 Rb6 26.Nc4 Ra6 27.Rb2 Re8
28.Rh1 Ra4 29.Rh4 Bd7 30.Ne3 Ra3 31.c4 Rf8 32.Nd5 c6 33.Ne3 Be6 34.Kf3 Re8
35.g4 hxg4+ 36.Kf2 g3+ 37.Kxg3 d5 38.cxd5 cxd5 39.f5+ Bxf5 40.Nxd5 c4 41.
Rxc4 Re5 42.Nf4+ Kg5 43.Nh3+ Bxh3 44.Kxh3 Rea5 45.Rc7 g6 46.Kg3 Rf5 47.
Rcb7 a6 48.R7b3 Raa5 49.Rb4 Rae5 50.Rg4+ Kh5 51.Rh4+ Kg5 52.Rg4+ Kh5 53.
Rf4 Rg5+ 54.Kf2 Ra5 55.c4 Ra3 56.Ke3 Rg3+ 57.Rf3 Rg4 58.Rc2 Ra5 59.c5 Rg5 
60.d4 Ra3+ 61.Kf2 1-0

[Event "25th Capablanca Memorial"]
[Site "Havana CUB"]
[Date "1990.??.??"]
[Round "9"]
[White "Paneque, Pedro"]
[Black "Gomez Abad, Antonio"]
[Result "1/2-1/2"]
[WhiteElo "2380"]
[BlackElo "2390"]
[EventDate "1990.??.??"]
[PlyCount "34"]

1.c4 e6 2.Nf3 d5 3.b3 Nf6 4.g3 Be7 5.Bg2 O-O 6.O-O b6 7.Bb2 Bb7 8.e3 c5 9.
Qe2 Nc6 10.Rd1 Qc7 11.Nc3 Rad8 12.cxd5 Nxd5 13.Nxd5 Rxd5 14.d4 cxd4 15.
Nxd4 Nxd4 16.Bxd4 Rdd8 17.Rac1 Qb8 1/2-1/2

[Event "25th Capablanca Memorial"]
[Site "Havana CUB"]
[Date "1990.??.??"]
[Round "9"]
[White "Borges Matos, Juan"]
[Black "Franco Ocampos, Zenon"]
[Result "0-1"]
[WhiteElo "2500"]
[BlackElo "2475"]
[EventDate "1990.??.??"]
[PlyCount "121"]

1.Nf3 c5 2.c4 Nf6 3.g3 d5 4.cxd5 Nxd5 5.Bg2 Nc6 6.d4 Bf5 7.a3 e6 8.O-O Nb6
9.dxc5 Bxc5 10.Nbd2 O-O 11.e4 Bg4 12.Qc2 Be7 13.h3 Bh5 14.g4 Bg6 15.Nb3 f5
16.Rd1 Qc8 17.Qe2 fxg4 18.hxg4 e5 19.Nh2 Qe6 20.Rd3 Rad8 21.Be3 Qc4 22.Nc1
Rxd3 23.Qxd3 Rd8 24.Qe2 Nd4 25.Bxd4 Rxd4 26.Nf1 Bg5 27.Qxc4+ Nxc4 28.Nb3 
Rd6 29.Nc5 b6 30.Na4 Rd4 31.Ng3 Ne3 32.Nc3 Nxg4 33.Bh3 Nf6 34.Nb5 Rd3 35.
Nxa7 Nxe4 36.Bf1 Rd2 37.Nxe4 Bxe4 38.Re1 Bb7 39.Rxe5 h6 40.b4 Bh4 41.Rf5 
Rd1 42.b5 g6 43.Re5 Bf3 44.Re3 Bh5 45.Rd3 Ra1 46.Kg2 Ra2 47.Rd8+ Kg7 48.
Rd7+ Kf8 49.Rf7+ Kxf7 50.Bc4+ Ke8 51.Bxa2 Be7 52.a4 Bd1 53.a5 bxa5 54.Nc6 
a4 55.Bb1 Bc5 56.Bxg6+ Kd7 57.Ne5+ Kc7 58.Nd3 Bd4 59.Kf1 Bc3 60.Bf7 Kb6 
61.Bc4 0-1

[Event "25th Capablanca Memorial"]
[Site "Havana CUB"]
[Date "1990.??.??"]
[Round "9"]
[White "Arencibia Rodriguez, Walter"]
[Black "Gruenberg, Hans-Ulrich"]
[Result "1/2-1/2"]
[WhiteElo "2485"]
[BlackElo "2475"]
[EventDate "1990.??.??"]
[PlyCount "28"]

1.d4 Nf6 2.c4 g6 3.Nc3 Bg7 4.e4 d6 5.f4 O-O 6.Nf3 c5 7.d5 e6 8.dxe6 fxe6 
9.Be2 Nc6 10.O-O b6 11.b3 Bb7 12.Bd3 Nd4 13.Ng5 Qe7 14.Bb2 Rae8 1/2-1/2

[Event "25th Capablanca Memorial"]
[Site "Havana CUB"]
[Date "1990.??.??"]
[Round "9"]
[White "Herrera, Irisberto"]
[Black "Ruban, Vadim"]
[Result "0-1"]
[WhiteElo "2410"]
[BlackElo "2565"]
[EventDate "1990.??.??"]
[PlyCount "80"]

1.e4 c5 2.Nf3 d6 3.d4 cxd4 4.Nxd4 Nf6 5.Nc3 Nc6 6.Be2 e5 7.Nf3 h6 8.O-O 
Be7 9.Re1 O-O 10.h3 Be6 11.Bf1 Nb8 12.Nd5 Nxd5 13.exd5 Bf5 14.c4 Nd7 15.
Be3 a5 16.b3 Bg6 17.a3 Bf6 18.Ra2 Re8 19.Qd2 e4 20.Nd4 Nc5 21.Rb1 Nd3 22.
Nb5 Bh4 23.Rd1 Kh7 24.Nc3 Ne5 25.Na4 Bg5 26.b4 axb4 27.axb4 Bxe3 28.Qxe3 
Nd3 29.Rb1 Qf6 30.Rb3 Rec8 31.f3 Rxc4 32.fxe4 Rxb4 33.Rxb4 Nxb4 34.Rf2 Qe5
35.Nb6 Ra1 36.Nc4 Qxe4 37.Qxe4 Bxe4 38.Nxd6 Bxd5 39.Kh2 Kg8 40.Bb5 Ra2 0-1

[Event "25th Capablanca Memorial"]
[Site "Havana CUB"]
[Date "1990.??.??"]
[Round "10"]
[White "Antunes, Antonio"]
[Black "Remon Gay, Adelquis"]
[Result "1/2-1/2"]
[WhiteElo "2445"]
[BlackElo "2375"]
[EventDate "1990.??.??"]
[PlyCount "123"]

1.e4 c5 2.Nf3 e6 3.d3 Nc6 4.g3 g6 5.d4 cxd4 6.Nxd4 e5 7.Nb5 d6 8.N1c3 a6 
9.Na3 b5 10.Nd5 Bg7 11.c4 Nf6 12.Nc2 O-O 13.Bg5 Be6 14.Qf3 Bxd5 15.cxd5 
Nd4 16.Nxd4 exd4 17.Bh3 Qe7 18.Bxf6 Bxf6 19.O-O Rfe8 20.Rad1 Bg7 21.Rfe1 
Ra7 22.Rc1 d3 23.Qxd3 Bxb2 24.Rc6 Rd8 25.Kg2 Bg7 26.Rec1 b4 27.Rc8 Bc3 28.
Rc6 a5 29.Rc2 Rb8 30.f4 Re8 31.Kf3 Qf6 32.Re2 Rae7 33.Ra6 Kh8 34.Bg4 h5 
35.Bh3 g5 36.Bf5 g4+ 37.Kf2 Qd4+ 38.Qxd4+ Bxd4+ 39.Ke1 Rd8 40.Kd1 Ra7 41.
Rxa7 Bxa7 42.Kc2 a4 43.h3 gxh3 44.Rh2 Kg7 45.Rxh3 Kf8 46.Rxh5 b3+ 47.Kb1 
Bd4 48.Rh7 Kg8 49.Rh6 Bc5 50.e5 a3 51.Rh2 dxe5 52.fxe5 b2 53.d6 Bd4 54.d7 
Kf8 55.Re2 Kg7 56.Re4 Bc5 57.Rc4 Be7 58.Rc8 Kh6 59.Kc2 Kg5 60.g4 Kf4 61.e6
fxe6 62.Bxe6 1/2-1/2

[Event "25th Capablanca Memorial"]
[Site "Havana CUB"]
[Date "1990.??.??"]
[Round "10"]
[White "Ruban, Vadim"]
[Black "Sariego Figueredo, Wilfredo"]
[Result "1-0"]
[WhiteElo "2565"]
[BlackElo "2405"]
[EventDate "1990.??.??"]
[PlyCount "60"]

1.d4 c5 2.d5 g6 3.c4 d6 4.e4 Bg7 5.Bd3 e6 6.Nc3 Ne7 7.dxe6 Bxe6 8.Nge2 
Nbc6 9.O-O O-O 10.Bg5 Qd7 11.Qd2 Ne5 12.b3 h6 13.Be3 f5 14.exf5 Bxf5 15.
Be4 Bxe4 16.Nxe4 Qg4 17.N2g3 Kh7 18.f3 Qh4 19.Rad1 b5 20.cxb5 c4 21.Qxd6 
Rad8 22.Qe6 c3 23.Nxc3 Rde8 24.Qd6 Nf5 25.Nxf5 Rxf5 26.Rd4 Qh5 27.Re4 Rxf3
28.gxf3 Nxf3+ 29.Rxf3 Rxe4 30.Nxe4 Qxf3 1-0

[Event "25th Capablanca Memorial"]
[Site "Havana CUB"]
[Date "1990.??.??"]
[Round "10"]
[White "Gruenberg, Hans-Ulrich"]
[Black "Herrera, Irisberto"]
[Result "1/2-1/2"]
[WhiteElo "2475"]
[BlackElo "2410"]
[EventDate "1990.??.??"]
[PlyCount "160"]

1.d4 Nf6 2.c4 e6 3.Nf3 b6 4.g3 Ba6 5.Qa4 c5 6.Bg2 Bb7 7.dxc5 bxc5 8.O-O 
Be7 9.Nc3 O-O 10.Rd1 Qb6 11.Bf4 Rd8 12.Rd2 Na6 13.Rad1 d6 14.Qb5 Ne8 15.g4
Nac7 16.Qxb6 axb6 17.Bg5 Kf8 18.b3 Nf6 19.h3 Ne4 20.Nxe4 Bxe4 21.Bf4 Ne8 
22.a4 e5 23.Bg3 Nc7 24.Ne1 Bxg2 25.Kxg2 Ne6 26.e3 g5 27.Nc2 f6 28.Na3 Nc7 
29.h4 h6 30.hxg5 hxg5 31.Nb1 Kf7 32.Nc3 Ke6 33.Kf3 Rh8 34.Ke4 Rh3 35.Rb2 
Rah8 36.Rbb1 Rd8 37.Rd2 Rhh8 38.Re1 Rh7 39.Rdd1 Rdh8 40.Rb1 Rd8 41.Red1 
Rhh8 42.Ra1 Rhf8 43.Rd2 Rh8 44.Rg1 Rh7 45.Rdd1 Rhh8 46.Rg2 Rh7 47.Rh2 Rxh2
48.Bxh2 Rf8 49.Bg3 Rh8 50.Ra1 Rd8 51.Nd5 Nxd5 52.cxd5+ Kd7 53.Kd3 Rh8 54.
Kc4 Kc7 55.Kb5 Kb7 56.Rc1 Bd8 57.Kc4 Kc7 58.Rg1 Kb7 59.Kd3 Kc7 60.Kc2 Kb7 
61.Rg2 Rh1 62.Rh2 Rxh2 63.Bxh2 b5 64.f3 Kb6 65.Bg3 Ka6 66.f4 Bb6 67.fxe5 
fxe5 68.Kc3 Bc7 69.Kb2 Ba5 70.Kc2 Bb6 71.Be1 Ba5 72.Bf2 Bd8 73.Kb2 Bc7 74.
e4 Bd8 75.Be3 Be7 76.Bc1 Bd8 77.Bd2 Be7 78.Be3 Ka5 79.Ka3 Ka6 80.Bd2 Bd8 
1/2-1/2

[Event "25th Capablanca Memorial"]
[Site "Havana CUB"]
[Date "1990.??.??"]
[Round "10"]
[White "Vera Gonzalez, Reynaldo"]
[Black "Arencibia Rodriguez, Walter"]
[Result "0-1"]
[WhiteElo "2475"]
[BlackElo "2425"]
[EventDate "1990.??.??"]
[PlyCount "76"]

1.d4 d5 2.c4 e6 3.Nf3 c5 4.cxd5 exd5 5.Nc3 Nc6 6.g3 c4 7.Bg2 Bb4 8.O-O 
Nge7 9.e4 O-O 10.Nxd5 Nxd5 11.exd5 Qxd5 12.a3 Ba5 13.Ne5 Qb5 14.b4 cxb3 
15.Rb1 Nxe5 16.Rxb3 Qa4 17.dxe5 Bg4 18.f3 Rfd8 19.Rd3 Qc4 20.Rd6 Bf5 21.
Be3 Bd3 22.Rf2 Rxd6 23.exd6 Re8 24.d7 Rxe3 25.Qd2 Qc5 26.Bf1 Bxf1 27.d8=Q+
Bxd8 28.Qxd8+ Qf8 29.Qd4 Rxa3 30.Kxf1 h6 31.Re2 Rxf3+ 32.Kg2 Rf6 33.Qd7 
Qb4 34.Qc8+ Kh7 35.Re8 Qd2+ 36.Kh3 Rf2 37.Rh8+ Kg6 38.Qg4+ Qg5 0-1